01160nam2a2200205 4500001001100000005001700011035002600028100004100054101000800095102000700103105001800110200024700128210000900375215001100384461043600395700006000831801001800891801002200909852002300931rc\299869720260315063545.0 a(NLR Aleph) 007142261 a20110919d1940 u y0rusy50 ca0 arus aRU ay j |||||1 aРазвитие, как переход количественных изменений в коренные качественные измененияeСтеногр. лекции, прочит. 20 янв. 1940 г.fМ. Розенталь d1940 a30 с. 01001rc\299868212001#$aКурс диалектического и исторического материализма$fВысш. школа парт. организаторов при ЦК ВКП(б)$vТема 17cМоскваd1940fВысш. школа парт. организаторов при ЦК ВКП(б)nБ. и.tКурс диалектического и исторического материализмаvТема 17 1aРозентальbМ.М.gМарк Моисеевич 0aRUbNLRgpsbo 1aRUbELAR2rusmarc aNLRj39-18/289(17)